| 000 | 01207nam a2200313 i 4500 | ||
|---|---|---|---|
| 001 | 768714001 | ||
| 003 | CO-MdFUSB | ||
| 005 | 20231026115600.0 | ||
| 007 | ta | ||
| 008 | 190506t2019 sp b 000 u spa d | ||
| 020 | _a9788428556439 | ||
| 040 |
_aES-BiUD _bspa _cCO-MdFUSB _dCO-MdFUSBC _erda |
||
| 041 | _aspa | ||
| 082 |
_223 _a226.506 _bOR77e |
||
| 100 |
_aOrtega, Javier _eautor |
||
| 245 | 1 | 3 |
_aEl evangelio de Juan y la iglesia (im)posible _b: política eclesial a la luz de Juan 13-17 _c/ Javier Ortega |
| 264 | 1 |
_aMadrid, España : _bSan Pablo, _c[2019] |
|
| 264 | 4 | _c© 2019 | |
| 300 |
_a301 páginas ; _c22 cm |
||
| 336 |
_2rdacontent _atexto _btxt |
||
| 337 |
_2rdamedia _asin mediación _bn |
||
| 338 |
_2rdacarrier _avolumen _bnc |
||
| 505 | _aEstado de la cuestión y consideraciones teóricas -- Caracterización literaria de Jn 13-17 -- El Paráclito narrado: la identidad del cristianismo joanico -- El Paráclito en su tiempo : de jerarquías y sucesores -- El Paráclito en la historia: la iglesia (im)posible | ||
| 563 | _aRustico | ||
| 630 | 0 | 7 |
_aBiblia. _pJuan _xCrítica, interpretación, etc. |
| 650 | 7 |
_9286 _aReligión y política |
|
| 942 | _cBK | ||
| 945 | _aMag 1104 | ||
| 999 |
_c68765 _d68765 |
||